000 00617nam a22002177a 4500
003 UA-OsUOA
001 55567
007 ta
008 20080917b un ||||| |||| 00| 0 ukr d
100 _aНаєнко М.
090 _a82
_bН17
942 _cSA
040 _aUA-OsUOA
_bukr
_cUA-OsUOA
_dUA-OsUOA
245 _aШістдесятництво: в іситорії і в сучасності/Продовження. Початок в №30-33
300 _aС.5
955 _a0
041 _aukr
080 _a82
773 0 _w55566
650 7 _a82 Література. Літературознавство
_2UDC
999 _c341647
_d341647